| 000 | 00749nam a2200253Ia 4500 | ||
|---|---|---|---|
| 003 | OSt | ||
| 005 | 20220928113349.0 | ||
| 006 | a|||||r|||| 00| 0 | ||
| 007 | ta | ||
| 008 | 220927b |||||||| |||| 00| 0 eng d | ||
| 020 | _c3000 | ||
| 024 | _a111620 | ||
| 037 |
_b261, 04/03/2011, Pioneer Book Distributors _cTextual |
||
| 040 |
_aSDCL _cSDCL _beng |
||
| 041 |
_2eng _aeng |
||
| 082 | _aQ4:458'E, P7 | ||
| 100 |
_aMalik Akhtar _9432729 |
||
| 245 | 0 | _aSurvey of buddhist temples and monasteries. | |
| 260 |
_aNew Delhi _bAnmol Publications _c2007 |
||
| 300 |
_avi,331p _ccm. |
||
| 650 | _aHistory | ||
| 942 |
_hQ4:458'E, P7 _cTEXL _2CC |
||
| 999 |
_c749240 _d749240 |
||